Paying your dues (Record no. 81107)

MARC details
000 -LEADER
fixed length control field 01131cab a22002295a 4500
001 - CONTROL NUMBER
control field L146263
008 - FIXED-LENGTH DATA ELEMENTS--GENERAL INFORMATION
fixed length control field 081223e20081209xxk f v 000 0 eng d
035 ## - SYSTEM CONTROL NUMBER
System control number (Sirsi) u146263
041 0# - LANGUAGE CODE
Language code of text/sound track or separate title eng
100 1# - MAIN ENTRY--PERSONAL NAME
Personal name Edmund, Teresa
245 00 - TITLE STATEMENT
Title Paying your dues
260 ## - PUBLICATION, DISTRIBUTION, ETC.
Date of publication, distribution, etc. 2008
490 #0 - SERIES STATEMENT
Series statement Solicitors' Journal
Volume/sequential designation 152(47) 9 December 2008, 13-15(2)
520 ## - SUMMARY, ETC.
Summary, etc. Discusses the House of Lords decision in Scottish and Newcastle v Raguz [2008] UKHL 65 (see L145801) which has been generally welcomed as a sensible simplification of the law relating to the service of notices under s.17 of the Landlord and Tenant (Covenants) Act 1995. Notes that procedural problems remain and comments on the issues for practitioners. (See L137096 and L133384 for decisions of the lower courts).
590 ## - LOCAL NOTE (RLIN)
Local note KA
650 24 - SUBJECT ADDED ENTRY--TOPICAL TERM
Topical term or geographic name entry element SCOTTISH AND NEWCASTLE PLC V RAGUZ
650 24 - SUBJECT ADDED ENTRY--TOPICAL TERM
Topical term or geographic name entry element LANDLORD AND TENANT (COVENANTS) ACT 1995 S17
651 #4 - SUBJECT ADDED ENTRY--GEOGRAPHIC NAME
Geographic name United Kingdom
Chronological subdivision
690 ## - LOCAL SUBJECT ADDED ENTRY--TOPICAL TERM (OCLC, RLIN)
Topical term or geographic name as entry element PROPERTY-COMMERCIAL PROPERTY-LEASEHOLD COMMERCIAL PROPERTY-COMMERCIAL LANDLORD AND TENANT-BUSINESS TENANCIES-BREACHING BUSINESS TENANCIES
700 1# - ADDED ENTRY--PERSONAL NAME
Personal name Allen, Tim
942 ## - ADDED ENTRY ELEMENTS (KOHA)
Suppress in OPAC 0
Holdings
Withdrawn status Lost status Source of classification or shelving scheme Damaged status Not for loan Home library Current library Shelving location Date acquired Total Checkouts Full call number Barcode Date last seen Copy number Price effective from Koha item type
    Dewey Decimal Classification     London London Journal article 23/12/2008   L146263 146263-2001 06/08/2019 1 06/08/2019 Journal article